Najpopularniejsze języki Europy, które nie są urzedowe - Statystyki

Ogólne statystyki
  • Ten quiz został rozwiązany 140 razy
  • Średni wynik to 5 z 23
Statystyki odpowiedzi
Liczba mówiących Odpowiedź % Poprawnych
100 tys. kaszubski
81%
610 tys. walijski
52%
1,2 mln baskijski
49%
3,2 mln galicyjski
40%
4 mln tatarski
39%
1,5 mln sardyński
35%
300 tys. bretoński
33%
400 tys. fryzyjski
26%
340 tys. korsykański
26%
400 tys. romski
21%
580 tys. oksytański
19%
150 tys. karelski
17%
> 100 tys.? jidysz
15%
1,5 mln baszkirski
13%
> 300 tys.? dolnoniemiecki
12%
330 tys. maryjski
11%
150 tys. gagauski
10%
300 tys. komi
10%
180 tys. kałmucki
9%
500 tys. udmurcki
9%
1,2 mln czuwaski
8%
250 tys. arumuński
6%
800 tys. mordwiński
5%
Nie znaleziono quizów pasujących do podanych kryteriów
Rozkład punktacji
Procent ludzi z każdym wynikiem
Percentyl według liczby udzielonych odpowiedzi
Twoja historia wyników
Nie rozwiązałeś tego quizu